Sports Quiz

Random Sports or MLB Quiz

MLB: Home Run Leaders by Rolling Decade, 1951-present Quiz Stats

Quiz not verified by Sporcle

Challenge
Share
Tweet
Embed
Score 0/169 Timer 11:00
0 Plays Today
Decade Name % Correct
1986-95Barry Bonds
97.3%
1987-96Barry Bonds
97.3%
1988-97Barry Bonds
97.3%
1989-98Barry Bonds
97.3%
1990-99Barry Bonds
97.3%
1991-2000Barry Bonds
97.3%
1992-2001Barry Bonds
97.3%
1993-2002Barry Bonds
97.3%
1994-2003Barry Bonds
97.3%
1995-2004Barry Bonds
97.3%
1996-2005Barry Bonds
97.3%
1997-2006Barry Bonds
97.3%
1998-2007Barry Bonds
97.3%
1987-96Mark McGwire
97.1%
1988-97Mark McGwire
97.1%
1989-98Mark McGwire
97.1%
1990-99Mark McGwire
97.1%
1991-2000Mark McGwire
97.1%
1992-2001Mark McGwire
97.1%
1992-2001Sammy Sosa
96.5%
1993-2002Sammy Sosa
96.5%
1994-2003Sammy Sosa
96.5%
1995-2004Sammy Sosa
96.5%
1996-2005Sammy Sosa
96.5%
1997-2006Sammy Sosa
96.5%
1998-2007Sammy Sosa
96.5%
1951-60Mickey Mantle
95.5%
1952-61Mickey Mantle
95.5%
1953-62Mickey Mantle
95.5%
1954-63Mickey Mantle
95.5%
1955-64Mickey Mantle
95.5%
1956-65Mickey Mantle
95.5%
1952-61Willie Mays
95.4%
1953-62Willie Mays
95.4%
1954-63Willie Mays
95.4%
1955-64Willie Mays
95.4%
1956-65Willie Mays
95.4%
1957-66Willie Mays
95.4%
1958-67Willie Mays
95.4%
1959-68Willie Mays
95.4%
1960-69Willie Mays
95.4%
1961-70Willie Mays
95.4%
1962-71Willie Mays
95.4%
1956-65Hank Aaron
95.1%
1957-66Hank Aaron
95.1%
1958-67Hank Aaron
95.1%
1959-68Hank Aaron
95.1%
1960-69Hank Aaron
95.1%
1961-70Hank Aaron
95.1%
1962-71Hank Aaron
95.1%
1963-72Hank Aaron
95.1%
1964-73Hank Aaron
95.1%
1965-74Hank Aaron
95.1%
1966-75Hank Aaron
95.1%
1967-76Hank Aaron
95.1%
1996-2005Alex Rodriguez
95.1%
1997-2006Alex Rodriguez
95.1%
Decade Name % Correct
1998-2007Alex Rodriguez
95.1%
1999-2008Alex Rodriguez
95.1%
2000-09Alex Rodriguez
95.1%
2001-10Alex Rodriguez
95.1%
2002-11Alex Rodriguez
95.1%
2003-12Alex Rodriguez
95.1%
1971-80Mike Schmidt
93.6%
1972-81Mike Schmidt
93.6%
1973-82Mike Schmidt
93.6%
1974-83Mike Schmidt
93.6%
1975-84Mike Schmidt
93.6%
1976-85Mike Schmidt
93.6%
1977-86Mike Schmidt
93.6%
1978-87Mike Schmidt
93.6%
1979-88Mike Schmidt
93.6%
1980-89Mike Schmidt
93.6%
1981-90Mike Schmidt
93.6%
2000-09Albert Pujols
93.6%
2001-10Albert Pujols
93.6%
2002-11Albert Pujols
93.6%
2003-12Albert Pujols
93.6%
2004-13Albert Pujols
93.6%
2005-14Albert Pujols
93.6%
2006-15Albert Pujols
93.6%
1989-98Ken Griffey, Jr.
92.9%
1990-99Ken Griffey, Jr.
92.9%
1991-2000Ken Griffey, Jr.
92.9%
1999-2008Jim Thome
90.6%
2000-09Jim Thome
90.6%
2001-10Jim Thome
90.6%
1958-67Harmon Killebrew
88.6%
1959-68Harmon Killebrew
88.6%
1960-69Harmon Killebrew
88.6%
1961-70Harmon Killebrew
88.6%
1962-71Harmon Killebrew
88.6%
1963-72Harmon Killebrew
88.6%
1964-73Harmon Killebrew
88.6%
1967-76Reggie Jackson
88.5%
1968-77Reggie Jackson
88.5%
1969-78Reggie Jackson
88.5%
1970-79Reggie Jackson
88.5%
1971-80Reggie Jackson
88.5%
1972-81Reggie Jackson
88.5%
1973-82Reggie Jackson
88.5%
1974-83Reggie Jackson
88.5%
1999-2008Manny Ramirez
85.9%
1968-77Lee May
85.6%
1963-72Willie McCovey
84.4%
1965-74Willie McCovey
84.4%
1966-75Willie McCovey
84.4%
1985-94Jose Canseco
81.7%
1986-95Jose Canseco
81.7%
1964-73Willie Stargell
81.4%
1965-74Willie Stargell
81.4%
1966-75Willie Stargell
81.4%
1967-76Willie Stargell
81.4%
1968-77Willie Stargell
81.4%
Decade Name % Correct
1969-78Willie Stargell
81.4%
1970-79Willie Stargell
81.4%
1971-80Willie Stargell
81.4%
1968-77Johnny Bench
79.9%
1969-78Johnny Bench
79.9%
1970-79Johnny Bench
79.9%
1975-84Jim Rice
79%
1976-85Jim Rice
79%
1977-86Jim Rice
79%
1993-2002Rafael Palmeiro
79%
1994-2003Rafael Palmeiro
79%
1995-2004Rafael Palmeiro
79%
1978-87Eddie Murray
78.8%
1979-88Eddie Murray
78.8%
1980-89Eddie Murray
78.8%
1981-90Eddie Murray
78.8%
1951-60Eddie Mathews
77.6%
1952-61Eddie Mathews
77.6%
1953-62Eddie Mathews
77.6%
2006-15Ryan Howard
77.2%
1954-63Ernie Banks
75.9%
1955-64Ernie Banks
75.9%
1978-87Dale Murphy
74.5%
1979-88Dale Murphy
74.5%
1980-89Dale Murphy
74.5%
1981-90Dale Murphy
74.5%
1982-91Dale Murphy
74.5%
1983-92Dale Murphy
74.5%
2004-13Miguel Cabrera
72.8%
2005-14Miguel Cabrera
72.8%
2006-15Miguel Cabrera
72.8%
1951-60Duke Snider
72.1%
1982-91Andre Dawson
72%
1983-92Andre Dawson
72%
1972-81Dave Kingman
69.9%
1973-82Dave Kingman
69.9%
1974-83Dave Kingman
69.9%
1975-84Dave Kingman
69.9%
1976-85Dave Kingman
69.9%
1977-86Dave Kingman
69.9%
2002-11Adam Dunn
67.4%
2003-12Adam Dunn
67.4%
2004-13Adam Dunn
67.4%
2005-14Adam Dunn
67.4%
1984-93George Bell
66.5%
1985-94Fred McGriff
65%
1987-96Fred McGriff
65%
1988-97Fred McGriff
65%
1984-93Joe Carter
65%
1985-94Joe Carter
65%
1986-95Joe Carter
65%
1982-91Darryl Strawberry
62.7%
1983-92Darryl Strawberry
62.7%
1984-93Darryl Strawberry
62.7%
1957-66Rocky Colavito
45.1%

You're not logged in!

Compare scores with friends on all Sporcle quizzes.
Join for Free
OR
Log In

You Might Also Like...

Show Comments

Extras

Top Quizzes Today


Score Distribution

Your Account Isn't Verified!

In order to create a playlist on Sporcle, you need to verify the email address you used during registration. Go to your Sporcle Settings to finish the process.

Report this User

Report this user for behavior that violates our Community Guidelines.

Details: